00874nam a2200229 a 450000100100000000500170001000800410002702000150006804000250008304100390010808200190014711000550016624000600022124500590028126000540034030000280039453400840042265000260050665000490053265000460058199900170062700002080120240513194432.0100817s1973 sp a 000 0 spa d a8436022106 aDO-SdBNPbspacBPJMB17aspaheng2Código de idiomas MARC a005.0712bI61b1 aInternational Business Machines Corporation94359510aIntroduction to IBM data processing systems.lEspañol10aIntroducción a los sistemas IBM de proceso de datos. aMadrid :bInternational Business Machines,c1973. a117 p. :bil. ;c28 cm. aTraducción del manual titulado :tIntroduction to IBM data processing systems 4aProgramación943596 0aProcesamiento electrónico de datos 92306 4aProgramación de minicomputadoras943597 c20305d20305